| 000 | 00852nam a2200241Ia 4500 | ||
|---|---|---|---|
| 003 | CO-CtgCURN | ||
| 005 | 20250407222552.0 | ||
| 008 | 190723s9999 xx 000 0 und d | ||
| 020 | _a9583504947 | ||
| 040 |
_aCO-CtgCURN _bspa _ccoctgcurn |
||
| 082 |
_a346.013 _bI43 |
||
| 245 | 0 |
_aInfancia, ley y democracia en America Latina / _ccomp., Emilio García Mendez |
|
| 250 | _a3 edición | ||
| 260 |
_aBogotá, Colombia : _bEditorial Temis, _c2004 |
||
| 300 |
_a2 v. : _c23 centímetros |
||
| 521 | _aAREA PROFESIONAL | ||
| 590 | _aPrograma de Derecho_18 | ||
| 650 |
_aDerecho de familia _zAmerica Latina |
||
| 650 |
_aDerecho de menores _zAmerica Latina |
||
| 942 |
_cBK _h346.013 _iI43 _2ddc _n0 |
||
| 999 |
_c29070 _d29070 |
||